| 000 | 00729nam a2200241 a 4500 | ||
|---|---|---|---|
| 008 | |||
| 049 | _aMAIN | ||
| 090 |
_aQC381 _bWEL |
||
| 100 | 1 | _aWelford, W. T. | |
| 245 | 1 | 0 |
_aGeometrical optics : _boptical instrumentation / _cW.T. Welford. |
| 260 |
_aAmsterdam : _bNorth-Holland Pub. Co., _c1962. |
||
| 300 |
_ax, 200 p. : _bill. ; _c23 cm. |
||
| 490 | 0 | _aUndergraduate textbooks in physics. | |
| 500 | _aIncludes index. | ||
| 504 | _aIncludes bibliographical references. | ||
| 650 | 0 | _aGeometrical optics. | |
| 650 | 0 | _aOptical instruments. | |
| 907 |
_a.b10137324 _b30-03-22 _c24-09-04 |
||
| 003 | |||
| 005 | 20230123133831.0 | ||
| 040 | _cNUST | ||
| 942 |
_cBOOKS _kQC381 _mWEL |
||
| 999 |
_c155414 _d155414 |
||